[Event "GBR-ch Seniors"]
[Site "Torquay"]
[Date "2002.08.03"]
[Round "1"]
[White "Byre, Peter IR"]
[Black "Boyce, James R"]
[Result "0-1"]
[WhiteElo "1632"]
[BlackElo "1960"]
[PlyCount "108"]
[EventDate "2002.08.03"]
[EventType "swiss"]
[EventRounds "7"]
[EventCountry "ENG"]
[SourceTitle "EXT 2007"]
[Source "ChessBase"]
[SourceDate "2006.11.23"]
[SourceVersion "1"]
[SourceVersionDate "2006.11.23"]
[SourceQuality "1"]

1. e4 e5 2. Nf3 Nf6 3. Nxe5 d6 4. Nf3 Nxe4 5. d4 d5 6. Bd3 Be7 7. 0-0 Nc6 8. c3 Bg4 9. Nbd2 f5 10. Qb3 Nxd2 11. Nxd2 0-0 12. f4 Na5 13. Qc2 Qd7 14. Nf3 Bxf3 15. Rxf3 Nc4 16. Bxc4 dxc4 17. Qe2 b5 18. b3 cxb3 19. axb3 Rfe8 20. Re3 Bf6 21. Kh1 Rxe3 22. Qxe3 Re8 23. Qf2 Qe6 24. h3 Qe1+ 25. Qxe1 Rxe1+ 26. Kh2 b4 27. Bb2 Rxa1 28. Bxa1 bxc3 29. Bxc3 c5 30. Kg3 Bxd4 31. Ba5 Kf7 32. Kh4 Ke6 33. g4 g6 34. Kg5 Bg7 35. gxf5+ gxf5 36. h4 Bf6+ 37. Kh6 Bxh4 38. Kxh7 Kd5 39. Kg6 Ke4 40. Bc7 Bg3 41. Kg5 Bf2 42. Bd6 Be3 43. Be5 Bd2 44. Bb8 a5 45. Ba7 Bb4 46. Bb6 Kd3 47. Kxf5 Kc3 48. Ke6 Kxb3 49. f5 c4 50. f6 c3 51. Be3 a4 52. f7 c2 53. Kd5 a3 54. Bd2 Bf8 0-1